ბათუმის შოთა რუსთაველის სახელმწიფო უნივერსიტეტის ბიბლიოთეკა

კოლხეთისა და იბერიის წარმართული ტაძრები და ქართული ქრისტიანული ხუროთმოძღვრების წარმოშობის საკითხები / (ბიბ.ჩანაწერი № 59786)

000 -ლიდერი
ფიქსირებული სიგრძის საკონტროლო ველი 01813nam a22002417a 4500
003 - საკონტროლო ნომრის იდენტიფიკატორი
საკონტროლო ველი Ge_BSU
005 - ბოლო ოპერაციის თარიღი და დრო
საკონტროლო ველი 20230418141328.0
008 - ფიქსირებული სიგრძის მონაცემთა ელემენტები - ზოგადი ინფორმაცია
ფიქსირებული სიგრძის საკონტროლო ველი 230418s2000 ge ||||| |||| 00| 0 geo d
020 ## - წიგნის საერთაშორისო სტანდარტული ნომერი
International Standard Book Number 9992882905
041 ## - ენის კოდი
Language code of text/sound track or separate title geo
080 ## - უნივერსალური ათობითი კლასიფიკაციის ინდექსი
Universal Decimal Classification number 726(479.22) ყ-56
100 ## - მთავარი ჩანაწერი - პიროვნების სახელი
Personal name ყიფიანი, გურამ
9 (RLIN) 13514
245 ## - ცნობა სათაურის შესახებ
Title კოლხეთისა და იბერიის წარმართული ტაძრები და ქართული ქრისტიანული ხუროთმოძღვრების წარმოშობის საკითხები /
Statement of responsibility, etc [რედ.: ნ. ნადარაია] ; საქ. მეცნ. აკად. არქეოლ. კვლევის ცენტრი, მცხეთის არქეოლ. ინ-ტი, საქ. ხელოვნების სახ. მუზეუმი.
264 ## - წარმოების, გამოცემის, დისტრიბუციის და სხვა ცნობები
გამოცემის, წარმოების, დისტრიბუციის... ადგილი თბილისი :
გამოცემის, წარმოების, დისტრიბუციის... სახელწოდება საქ. ხელოვნების სახ. მუზეუმი,
გამოცემის, წარმოების, დისტრიბუციის... თარიღი 2000.
300 ## - ფიზიკური აღწერა
Extent 127, XCIXგვ. :
Other physical details ტაბ. ;
Dimensions 29 სმ.
500 ## - ზოგადი შენიშვნა
General note შენიშვნ. თავების ბოლოს.
653 ## - INDEX TERM--UNCONTROLLED
Uncontrolled term წარმართული ტაძრები საქართველოში
653 ## - INDEX TERM--UNCONTROLLED
Uncontrolled term ქართული საეკლესიო არქიტექტურა.
653 ## - INDEX TERM--UNCONTROLLED
Uncontrolled term საკულტო ძეგლები საქართველოში.
700 ## - ADDED ENTRY--PERSONAL NAME
Personal name ნადარაია, ნ.
Relator term რედაქტორი
9 (RLIN) 1196
710 ## - ADDED ENTRY--CORPORATE NAME
Corporate name or jurisdiction name as entry element საქ. მეცნ. აკად. არქეოლ. კვლევის ცენტრი, მცხეთის არქეოლ.
Subordinate unit ინ-ტი, საქ. ხელოვნების სახ. მუზეუმი.
9 (RLIN) 17661
942 ## - ADDED ENTRY ELEMENTS (KOHA)
Source of classification or shelving scheme
Koha item type წიგნი
ეგზემპლარები
ჩამოწერის სტატუსი დაკარგული ეგზემპლარის სტატუსი კლასიფიკაციის წყარო ან თაროზე გაწყობის სქემა დაზიანების სტატუსი არ გაიცემა მუდმივი მდებარეობა (დაცვის ადგილი) ამჟამინდელი ადგილსამყოფელი თაროზე განთავსების ადგილი შეძენის თარიღი ღირებულება, შესყიდვის ნორმალური ფასი სრული შენახვის შიფრი შტრიხკოდი ბოლო ოპერაციის თარიღი ეგზემპლარის მიმდევრობითი ნომერი (კეტერი?) Uniform Resource Identifier ფასის ძალაში შესვლის თარიღი ეგზემპლარის სახეობა საჯარო შენიშვნა
          ბათუმის შოთა რუსთაველის სახელმწიფო უნივერსიტეტის მთავარი ბიბლიოთეკა ბათუმის შოთა რუსთაველის სახელმწიფო უნივერსიტეტის მთავარი ბიბლიოთეკა წიგნსაცავი 2023-04-18 10.00 726(479.22) ყ-56 64274 2023-04-18 64274 ბსუ-ს საპატიო დოქტორის გურამ ლორთქიფანიძის საჩუქარი 2023-04-18 წიგნი 10 ლ.